| 000 | 00618nam a22002177a 4500 | ||
|---|---|---|---|
| 001 | 00028716 | ||
| 005 | 20260406123705.0 | ||
| 008 | 260406b ag ||||| |||| 00| 0 spa d | ||
| 020 | _a8439521944 | ||
| 040 |
_aAR-CcCEOS _bspa _cAR-CcCEOS |
||
| 041 | _aspa | ||
| 080 | _a33 | ||
| 090 | _bLEO | ||
| 100 | 1 |
_aLeontief, Wassily, _d1906-1999 _91026 |
|
| 245 |
_aAnálisis económico input-output / _cWassily Leontief |
||
| 260 |
_aBarcelona : _bPlaneta, _cc1993. |
||
| 300 |
_a359 p. ; _c24x15 cm. |
||
| 490 | _vObras Maestras del Pensamiento Contemporáneo ; 26 | ||
| 655 | 0 |
_aliteratura _919 |
|
| 942 |
_2udc _cBK _n0 |
||
| 999 |
_c28749 _d28749 |
||